| 000 | 00840cam a2200217 4500 | ||
|---|---|---|---|
| 001 | WB3906-17 | ||
| 008 | 030213n2003 000 0 eng u | ||
| 035 | _a(Sirsi) u121339 | ||
| 245 | _aBCO and BPF launch model lease clauses | ||
| 260 | _c2003 | ||
| 490 |
_aBritish Council for Offices Press Release _v 3 February 2003 (1) |
||
| 520 | _aBCO and BPF have published a series of model clauses for office leases. The two industry bodies claim that the clauses will help to promote fairer and simpler lease terms. Download pdf of model lease clauses. http://www.bco.org.uk/html/jennifer_updates/news_media.html. | ||
| 590 | _aWB | ||
| 650 | _aOFFICE LEASES | ||
| 650 | _aMODEL CLAUSES | ||
| 650 | _aLEASE TERMS | ||
| 650 | _aSTANDARDISATION | ||
| 650 | _aCOMMERCIAL LEASES | ||
| 690 | _aPROPERTY-LANDLORD AND TENANT | ||
| 942 | _n0 | ||
| 999 |
_c72107 _d72107 |
||